| 000 | 02712cam a2200517 a 4500 | ||
|---|---|---|---|
| 999 |
_c1824 _d1824 |
||
| 001 | 15073321 | ||
| 003 | GZU | ||
| 005 | 20201022102532.0 | ||
| 008 | 071106s2008 enk be 001 0 eng | ||
| 010 | _a 2007045919 | ||
| 015 |
_aGBA822329 _2bnb |
||
| 016 | 7 |
_a014530554 _2Uk |
|
| 020 | _a9780415428934 (pbk. : alk. paper) | ||
| 020 | _a0415428939 (pbk. : alk. paper) | ||
| 020 | _a9780415428927 (hardback : alk. paper) | ||
| 020 | _a0415428920 (hardback : alk. paper) | ||
| 035 | _a(OCoLC)ocn181335781 | ||
| 040 |
_aDLC _cDLC _dBAKER _dBTCTA _dUKM _dYDXCP _dC#P _dBWX _dBWK _dLMR _dIAY _dHEBIS _dDEBBG _dMHW _dDLC |
||
| 050 | 0 | 0 |
_aLB15 _b.W54 2008 |
| 082 | 0 | 0 |
_a370.1 _222 |
| 084 |
_a5,3 _2ssgn |
||
| 084 |
_aD 1100 _2dopaed |
||
| 084 |
_aDF 3000 _2rvk |
||
| 084 |
_aHD 403 _2rvk |
||
| 100 | 1 | _aWinch, Christopher. | |
| 245 | 1 | 0 |
_aPhilosophy of education : _bthe key concepts / _cChristopher Winch and John Gingell. |
| 250 | _a2nd ed. | ||
| 260 |
_aLondon ; _aNew York : _bRoutledge, _c2008. |
||
| 300 |
_axi, 257 p. ; _c22 cm. |
||
| 490 | 1 | _aKey concepts series | |
| 490 | 1 | _aRoutledge key guides | |
| 500 | _aSources of series information: Key concepts series on series t.p.; Routledge key guides on p. [1] of cover. | ||
| 500 | _aRev. ed. of: Key concepts in the philosophy of education. 1999. | ||
| 504 | _aIncludes bibliographical references (p. 225-247) and indexes. | ||
| 520 | 1 | _a"This new edition of Philosophy of Education: The Key Concepts is an easy to use A-Z guide summarizing all the key terms, ideas and issues central to the study of educational theory today. Fully updated, the book is cross-referenced throughout and contains pointers to further reading, as well as new entries on such topics as citizenship and civic education; liberalism; capability; well-being; patriotism; globalisation; open-mindedness; creationism and intelligent design." "Comprehensive and authoritative, this guide provides all that a student, teacher or policy-maker needs to know about the latest thinking on education in the 21st century."--BOOK JACKET. | |
| 650 | 0 |
_aEducation _xPhilosophy _vEncyclopedias. |
|
| 700 | 1 | _aGingell, John. | |
| 700 | 1 |
_aWinch, Christopher. _tKey concepts in the philosophy of education. |
|
| 830 | 0 | _aKey concepts series. | |
| 830 | 0 | _aRoutledge key guides. | |
| 856 | 4 | 2 |
_3Publisher description _uhttp://www.loc.gov/catdir/enhancements/fy0827/2007045919-d.html |
| 856 | 4 | 1 |
_3Table of contents only _uhttp://www.loc.gov/catdir/toc/ecip084/2007045919.html |
| 906 |
_a7 _bcbc _corignew _d1 _eecip _f20 _gy-gencatlg |
||
| 942 |
_2lcc _cBK _e2nd ed. _h15 _iWIN _kLB |
||